Challenges of healthcare in India: (Record no. 16126)

MARC details
000 -LEADER
fixed length control field 00966nam a22002537a 4500
005 - DATE AND TIME OF LATEST TRANSACTION
control field 2008100103143.0
008 - FIXED-LENGTH DATA ELEMENTS--GENERAL INFORMATION
fixed length control field 081001t xxu||||| |||| 00| 0 eng d
010 ## - LCCN (DPL NO)
LC control number ENG-91094
020 ## - INTERNATIONAL STANDARD BOOK NUMBER
International Standard Book Number 9788184500844
Terms of availability 980.00
035 ## - SYSTEM CONTROL NUMBER
System control number EN-74627
037 ## - SOURCE OF ACQUISITION
Source of stock number/acquisition DBAD / PUB
040 ## - CATALOGING SOURCE
Original cataloging agency dpl
Language of cataloging English
082 ## - DEWEY DECIMAL CLASSIFICATION NUMBER
Classification number 362.10954
100 ## - MAIN ENTRY--PERSONAL NAME
Personal name Kumar, R
245 ## - TITLE STATEMENT
Title Challenges of healthcare in India:
Remainder of title economics and administration/
Statement of responsibility, etc by R.Kumar; foreword by Devi Shetty
260 ## - PUBLICATION, DISTRIBUTION, ETC. (IMPRINT)
Place of publication, distribution, etc New Delhi
Name of publisher, distributor, etc Deep & Deep Publication
Date of publication, distribution, etc 2008
300 ## - PHYSICAL DESCRIPTION
Extent xxx, 314p.
Dimensions 20 cm(Hb)
500 ## - GENERAL NOTE
General note Include bibliographical references & index
650 ## - SUBJECT ADDED ENTRY--TOPICAL TERM
Topical term or geographic name as entry element Public health
Geographic subdivision India
650 ## - SUBJECT ADDED ENTRY--TOPICAL TERM
Topical term or geographic name as entry element Medical care
Geographic subdivision India
650 ## - SUBJECT ADDED ENTRY--TOPICAL TERM
Topical term or geographic name as entry element Health services accessibility
Geographic subdivision India
942 ## - ADDED ENTRY ELEMENTS (KOHA)
Source of classification or shelving scheme Dewey Decimal Classification
Item type English Books
Call number suffix KUM
Classification part 362.10954
Holdings
Withdrawn status Lost status Source of classification or shelving scheme Damaged status Not for loan Home library Current library Date acquired Source of acquisition Cost, normal purchase price Total Checkouts Full call number Barcode Date last seen Copy number Cost, replacement price Koha item type
    Dewey Decimal Classification     D.B.Act.Division D.B.Act.Division 01/10/2008 DBAD / PUB 980.00   362.10954 KUM EN-74627 01/10/2008 1 980.00 English Books

© Delhi Public Library
Hit Counter
free hit counter